Guess the Country by Countries Bordered - Statistics

General Stats
  • This quiz has been taken 26 times
  • The average score is 10 of 10
Answer Stats
Bordering Countries Country % Correct
Guatemala, Belize, United States Mexico
100%
Argentina, Bolivia, Brazil Paraguay
100%
Andorra, France, Portugal Spain
100%
Greece, Kosovo, Montenegro, North Macedonia Albania
96%
Armenia, Georgia, Russia, Turkey Azerbaijan
96%
Afghanistan, China, Kyrgyzstan, Uzbekistan Tajikistan
96%
Belarus, Hungary, Moldova, Poland, Romania, Russia, Slovakia Ukraine
96%
(Palestinian Territory), Israel, Libya, Sudan Egypt
92%
Malaysia, Indonesia Singapore
92%
Djibouti, Ethiopia, Kenya Somalia
92%
No matching quizzes found
Score Distribution
Percent of People with Each Score
Percentile by Number Answered
Your Score History
You have not taken this quiz